C++ design patterns and derivatives pricing
Αποθηκεύτηκε σε:
| Κύριος συγγραφέας: | |
|---|---|
| Μορφή: | Βιβλίο |
| Γλώσσα: | English |
| Δημοσίευση: |
Cambridge, UK ; New York :
Cambridge University Press,
2004 (printing 2007)
|
| Σειρά: | Mathematics, finance, and risk
|
| Θέματα: | |
| Ετικέτες: |
Προσθήκη ετικέτας
Δεν υπάρχουν, Καταχωρήστε ετικέτα πρώτοι!
|
MARC
| LEADER | 00000nam a2200000 i 4500 | ||
|---|---|---|---|
| 001 | 1/60376 | ||
| 008 | 071025s20042007 eng d | ||
| 020 | |a 0-521-83235-7 | ||
| 035 | |l 10091824 | ||
| 040 | |a GR-MY-UA |b gre |e aacr | ||
| 041 | 0 | |a eng | |
| 082 | 0 | |a 332.645702855133 |2 (22) | |
| 100 | 1 | |a Joshi, M. S. |q (Mark Suresh) |d 1969- | |
| 245 | 1 | 0 | |a C++ design patterns and derivatives pricing / |c Mark S. Joshi |
| 260 | |a Cambridge, UK ; New York : |b Cambridge University Press, |c 2004 (printing 2007) | ||
| 300 | |a xiii, 199 σ.; |c 26 εκ.+ |e 1 οπτική δισκέτα λείζερ H/Y (4 3/4 ιν) | ||
| 490 | 1 | |a Mathematics, finance, and risk | |
| 504 | |a Περιλαμβάνει βιβλιογραφικές παραπομπές (σ. 195-196) και ευρετήριο. | ||
| 650 | 0 | 0 | |a Derivative securities |x Prices |x Mathematical models. |
| 650 | 0 | 0 | |a C++ (Computer program language) |
| 830 | 0 | |a Mathematics, finance, and risk | |
| 852 | |a INST |b SAMOS |e 20071029 |h 332.645702855133 JOS |p 005300033644 |q 005300033644 |t BK |y 0 | ||
| 852 | |a INST |b SAMOS |e 20071025 |h 332.645702855133 JOS |p 005300028002 |q 005300028002 |t BK |y 0 | ||
| 901 | |a BIBL3-2007-3 | ||
| 909 | |a Σ |b 134224 | ||
| 909 | |a Σ |b 139249 | ||
| 922 | |a 3ΕΛΗ |b 200709 |c ΕΠΕΑΕΚ2/ΤΜΗΜΑ ΜΑΘΗΜΑΤΙΚΩΝ |d ΠΑΠΑΣΩΤΗΡΙΟΥ | ||
| 970 | |a ΣΙΤΖΙΜΗ |b ΓΙΑΣΕΜΗ |z 2007/10/25 | ||